Czy rozpoznasz film Disneya po stopklatce z intro? - Statystyki

Ogólne statystyki
  • Ten quiz został rozwiązany 44 razy
  • Średni wynik to 3 z 10
Statystyki odpowiedzi
Obrazkowy Odpowiedź % Poprawnych
Toy Story (2)/Dawno temu w trawie/Potwory i spółka/Gdzie jest Nemo?/Iniemamocni/Auta/Ratatuj
71%
Pinokio
55%
Piękna i Bestia
45%
Atlantyda: Zaginiony ląd
21%
Piotruś Pan: Wielki Powrót
21%
Tarzan
21%
Iniemamocni 2
11%
Kubuś i Hefalumpy
5%
Inspektor Gadżet
3%
Krzysiu, gdzie jesteś?
3%
Nie znaleziono quizów pasujących do podanych kryteriów
Rozkład punktacji
Procent ludzi z każdym wynikiem
Percentyl według liczby udzielonych odpowiedzi
Twoja historia wyników
Nie rozwiązałeś tego quizu